The Dutch Quiz 🟠 - Statistics

General Stats
  • This quiz has been taken 20 times
  • The average score is 9 of 17
Answer Stats
Hint Answer % Correct
Country where Dutch people are from Netherlands
100%
Color associated with that country and the Dutch orange
100%
Country with the second-largest number of Dutch speakers Belgium
90%
Major African language derived from Dutch Afrikaans
80%
Region of Belgium where Dutch is widely spoken Flanders
80%
Country the Pennsylvania Dutch ethnic group originate from Germany
60%
Game in which two jump ropes turning in opposite directions are jumped Double Dutch
50%
Dutch colony that became modern Indonesia Dutch East Indies
50%
Common name for the Dutch colony Surinam Dutch Guiana
45%
Thick-walled cooking pot with tight lid, or trapping a fart around someone Dutch oven
45%
Phrase meaning each person in a group pays their own way going Dutch
45%
Ghostly ship commanded by Davy Jones in Pirates of the Caribbean Flying Dutchman
40%
Dutch is the muscular elite soldier protagonist of this 1987 sci-fi film. Predator
25%
It is divided so that the bottom leaf may stay shut while the top leaf opens. Dutch door
20%
Dutch van der Linde is an outlaw leader in this video game. Red Dead Redemption
20%
Tilting camera technique that feels uneasy or unstable Dutch angle
15%
U.S. president with childhood nickname “Dutch” Ronald Reagan
15%
No matching quizzes found
Score Distribution
Percent of People with Each Score
Percentile by Number Answered
Your Score History
You have not taken this quiz